Shorter Constitution of India/ (Record no. 181371)
[ view plain ]
| 000 -LEADER | |
|---|---|
| fixed length control field | 00772nam a22002057a 4500 |
| 005 - DATE AND TIME OF LATEST TRANSACTION | |
| control field | 20210909130313.0 |
| 010 ## - LCCN (DPL NO) | |
| LC control number | ENG-129899 -129900 |
| 020 ## - INTERNATIONAL STANDARD BOOK NUMBER | |
| International Standard Book Number | 978-81-3126-528-4 |
| Terms of availability | 6595.00( vol.2) |
| 035 ## - SYSTEM CONTROL NUMBER | |
| System control number | EN-113431 -32 |
| 037 ## - SOURCE OF ACQUISITION | |
| Source of stock number/acquisition | DBAD/PUB |
| 082 ## - DEWEY DECIMAL CLASSIFICATION NUMBER | |
| Classification number | 342.54 |
| 100 ## - MAIN ENTRY--PERSONAL NAME | |
| Personal name | Durga Das Basu |
| 245 ## - TITLE STATEMENT | |
| Title | Shorter Constitution of India/ |
| Statement of responsibility, etc | Durga Das Basu |
| 250 ## - EDITION STATEMENT | |
| Edition statement | 16th ed. |
| 260 ## - PUBLICATION, DISTRIBUTION, ETC. (IMPRINT) | |
| Name of publisher, distributor, etc | Lexis Nexis |
| Place of publication, distribution, etc | India |
| Date of publication, distribution, etc | 2018 |
| 270 ## - ADDRESS | |
| City | Gurgaon |
| Postal code | 122002 |
| Address | 14th Floor , Building No 10, Tower-B, DLF Cyber City, phase -ll |
| Telephone number | +91 124 4774444 |
| Fax number | +91 124 4774100 |
| Electronic mail address | help.in@lexisnexis.com |
| 300 ## - PHYSICAL DESCRIPTION | |
| Extent | v.p. |
| Dimensions | 25cm(hbk) |
| Other physical details | vol.1-2 |
| 500 ## - GENERAL NOTE | |
| General note | vol.1(Articles 1 to151)<br/>vol.2(orders I52 to end)<br/>Justice R Banumathi,former judge<br/> |
| 942 ## - ADDED ENTRY ELEMENTS (KOHA) | |
| Source of classification or shelving scheme | Dewey Decimal Classification |
| Item type | English Books |
| Classification part | 342.54 |
| Call number suffix | BAS |
| Withdrawn status | Lost status | Materials specified (bound volume or other part) | Not for loan | Collection code | Home library | Current library | Date acquired | Source of acquisition | Cost, normal purchase price | Full call number | Barcode | Copy number | Cost, replacement price | Koha item type |
|---|---|---|---|---|---|---|---|---|---|---|---|---|---|---|
| vol.1 | Reference | Central Library | Central Library | 09/09/2021 | DBAD/PUB | 3297.50 | 342.54 BAS | EN-113431 | 1 | 3297.50 | English Books | |||
| vol.2 | Reference | Central Library | Central Library | 09/09/2021 | DBAD/PUB | 3297.50 | 342.54 BAS | EN-113432 | 1 | 3297.50 | English Books |
